Chicago Geography - Statistics

General Stats
  • This quiz has been taken 17 times
  • The average score is 17 of 25
Answer Stats
Hint Answer % Correct
Great Lake that touches Chicago Lake Michigan
100%
Second busiest airport Midway
100%
Busiest airport in Chicago O'Hare
100%
Historic route connecting Chicago to Santa Monica, CA Route 66
100%
Tallest building in Chicago Willis Tower
100%
Home field of the Chicago Cubs {Wrigley} Field
100%
University situated in Evanston Northwestern
91%
Chicago is part of this county— 2nd most populous in the U.S. Cook
82%
Oldest stadium used by the NFL {Soldier} Field
82%
Main business district of Chicago The {Loop}
82%
Stadium home to a statue of Michael Jordan {United} Center
82%
Street where the truck chase in The Dark Knight was filmed Lower {Wacker}
64%
Park home to Cloud Gate, or also called "The Bean" {Millennium} Park
64%
Most famous comedy club {Second} City
64%
University that has won 13 Nobel Prizes in economics, and where the nuclear reactor was invented University of Chicago
64%
Nickname commonly used for Chicago's greater metro area Chicago{land}
55%
Popular 13-block shopping district {Magnificent} Mile
55%
Largest indoor aquarium in the world for 75 years Shedd
55%
Former headquarters of the biggest newspaper in Chicago {Tribune} Tower
45%
First planetarium in the U.S. Adler
36%
Most populous Chicago suburb Aurora
36%
Park sometimes referred to as "Chicago's front yard" {Grant} Park
36%
Suburb with the largest motor speedway in Illinois Joliet
36%
Fountain in the center of the above Buckingham
27%
Park that hosted the 1893 World's Columbian Exposition {Jackson} Park
27%
No matching quizzes found
Score Distribution
Percent of People with Each Score
Percentile by Number Answered
Your Score History
You have not taken this quiz